If you want to evaluate your library... (Record no. 1047)

MARC details
000 -LEADER
fixed length control field 00487nam a2200181Ia 4500
020 ## - INTERNATIONAL STANDARD BOOK NUMBER
ISBN 0-85365-928-1
082 ## - DEWEY DECIMAL CLASSIFICATION NUMBER
Classification number 025.5 LAN-;
100 ## - MAIN ENTRY--AUTHOR NAME
Personal name Lancaster, F.W.
245 #0 - TITLE STATEMENT
Title If you want to evaluate your library...
260 ## - PUBLICATION, DISTRIBUTION, ETC. (IMPRINT)
Place of publication London
Name of publisher Library Association
Year of publication 1988
300 ## - PHYSICAL DESCRIPTION
Number of Pages 193p.
504 ## - BIBLIOGRAPHY, ETC. NOTE
Bibliography, etc Includes index
650 ## - SUBJECT ADDED ENTRY--TOPICAL TERM
Topical Term Library science - Research
650 ## - SUBJECT ADDED ENTRY--TOPICAL TERM
Topical Term Reference services (Libraries)
650 ## - SUBJECT ADDED ENTRY--TOPICAL TERM
Topical Term Document delivery
650 ## - SUBJECT ADDED ENTRY--TOPICAL TERM
Topical Term Library services agencies
942 ## - ADDED ENTRY ELEMENTS (KOHA)
Koha item type Books
Holdings
Withdrawn status Lost status Damaged status Not for loan Home library Current library Date acquired Bill Date Full call number Accession Number Price effective from Koha item type
        NASSDOC Library NASSDOC Library 08/06/2004 2004-10-22 025.5 LAN-; 28778 18/04/2019 Books